4 Miscellaneous Foursomes Quiz Stats

 Plays Quiz Updated Sep 16, 2017

Also try: 4 Movies Foursomes
Challenge
Share
Tweet
Embed
Score 0/16 Timer 03:00
2 Plays Today
Hint Answer % Correct
Ingredients in a
Denver Omelet
Egg
90.4%
Traditional Bridal
Wedding Somethings
Blue
90.1%
Traditional Bridal
Wedding Somethings
New
88.8%
Traditional Bridal
Wedding Somethings
Borrowed
87.5%
Traditional Bridal
Wedding Somethings
Old
87.5%
The 4 C's of
Diamonds
Carat
83.9%
The 4 C's of
Diamonds
Cut
82.9%
The 4 C's of
Diamonds
Clarity
81%
Hint Answer % Correct
Original Shapes of
Lucky Charms
(Green) Clovers
81%
Ingredients in a
Denver Omelet
Green Pepper
70%
Ingredients in a
Denver Omelet
Onion
70%
Ingredients in a
Denver Omelet
Ham
66.9%
Original Shapes of
Lucky Charms
(Pink) Hearts
61.2%
The 4 C's of
Diamonds
Color
61.1%
Original Shapes of
Lucky Charms
(Orange) Stars
59.8%
Original Shapes of
Lucky Charms
(Yellow) Moons
49.3%

You're not logged in!

Compare scores with friends on all Sporcle quizzes.
OR
Log In

You Might Also Like...

Show Comments

Extras

Top Quizzes Today


Score Distribution

Your Account Isn't Verified!

In order to create a playlist on Sporcle, you need to verify the email address you used during registration. Go to your Sporcle Settings to finish the process.

Report this User

Report this user for behavior that violates our Community Guidelines.

Details: